000 00306nam a22001337a 4500
008 170713b xxu||||| |||| 00| 0 eng d
020 _a9780742513747
041 _aeng
080 _a101 SUP
100 _a24
101 _aFIL
245 _aTHEORIZING BACKLASH
_cSUPERSON,A.M
942 _2udc
_cBK
999 _c20655
_d20655